| 000 | 00343nam a2200121Ia 4500 | ||
|---|---|---|---|
| 008 | 210430s9999 xx 000 0 und d | ||
| 082 | _a621.367 S9291 I | ||
| 100 |
_aJohn M Sturge _952117 |
||
| 245 |
_aImaging Processes and Materials _cJohn M Sturge |
||
| 260 |
_aNew York _bVan Nostrand Reingold _c1989 |
||
| 300 | _a712p. | ||
| 942 |
_cBK _2ddc |
||
| 999 |
_c562883 _d562883 |
||